| 000 | 01908cam a22004934i 4500 | ||
|---|---|---|---|
| 003 | PE-LiUPU | ||
| 005 | 20250731165559.0 | ||
| 008 | 150625s r 000 0 d | ||
| 020 | _a9500726858 | ||
| 035 | _a(Sirsi) i9789500726856 | ||
| 040 |
_aPE-LiUPU _bspa _cPE-LiUPU _erda |
||
| 049 | _aPRUA | ||
| 082 | 0 | 4 |
_a070.44 _bO57 _221 |
| 100 | 1 |
_aOppenheimer, Andrés, _eautor. |
|
| 245 | 1 | 0 |
_aCuentos chinos : _bel engaño de Washington, la mentira populista y la esperanza de Américalatina / _cAndrés Oppenheimer. |
| 250 | _a8a | ||
| 264 | 1 |
_aBuenos Aires : _bSudamericana, _c2006. |
|
| 300 |
_a352 páginas ; _c23 centímetros |
||
| 336 |
_atext _2rdacontent |
||
| 337 |
_aunmediated _2rdamedia |
||
| 338 |
_avolume _2rdacarrier |
||
| 505 | 0 | _aEl desáfio. -China: la fibre capitalista. -El milagro irlandés. -La "Nueva Europa". -Las falacias de George W. Bush. -Argentina: el país de los bandazos. -Brasil: el coloso del sur. -Venezuela: El proyecto narcista-leninista. -México: el país que se quedó dormido. -América Latina en el siglo del conocimiento. | |
| 526 | _aSEG44 | ||
| 526 | _aSEG26 | ||
| 526 | _aP151 | ||
| 526 | _aP150 | ||
| 526 | _aP149 | ||
| 526 | _aP146 | ||
| 526 | _aP145 | ||
| 526 | _aP126 | ||
| 526 | _aP125 | ||
| 526 | _aP92 | ||
| 526 | _aP75 | ||
| 526 | _aP74 | ||
| 526 | _aP27 | ||
| 526 | _aP15 | ||
| 541 | _g015-006776; | ||
| 650 | 0 | 4 | _aInvestigación periodística. |
| 942 |
_2ddc _cBOOK |
||
| 949 |
_a070.44 O57 _wDEWEY _c1 _i56387 _lCCODEBUL1 _mBUL _p17.00 _r0 _sY _tBOOK _u2015-6-25 _xEDUCACION _PP07 _0COMPRA _o.STAFF. Colección General |
||
| 994 |
_aC0 _bPEPRU |
||
| 596 | _a1 | ||
| 999 |
_a070.44 O57 _wDEWEY _c45638 _i56387 _d45638 _e2018-4-1 _f2021-11-30 _g5 _lCCODEBUL1 _mBUL _n1 _p17.00 _q2 _r0 _sY _tBOOK _u2015-6-25 _xEDUCACION _PP07 _0COMPRA _o.STAFF. Colección General |
||
| 980 |
_81 _gALBERTO SANCHEZ Responsable de Automatización |
||